000 00556nam a2200205Ia 4500
008 200601s9999 xx 000 0 und d
020 _a978-0-00-830028-9
050 _aREF PL 1455
050 _b.C65 2019
245 0 _aCollins Mandarin Chinese dictionary /
250 _a3rd Edition
260 _aGlasgow :
260 _bCollins,
260 _c2019
300 _a583 pages :
300 _c19 cm.
440 _aEasy learning
650 _aChinese language -- Dictionaries -- English.
650 _xEnglish language -- Dictionaries -- Chinese.
999 _c363226
_d363226